| 000 | 00322 a2200133 4500 | ||
|---|---|---|---|
| 001 | 87425 | ||
| 082 | _aN-3563 | ||
| 090 |
_c41029 _d41029 |
||
| 100 | _aWaseem, Dr | ||
| 245 |
_adigital logic design [cds] _pCAE7 CDs set _bCS302 |
||
| 260 |
_aLahore _b2005 _cVirtual University |
||
| 500 | _aCD/DVD | ||
| 520 | _avideo library | ||
| 942 |
_aCAE NUST _kN-3563 |
||
| 999 |
_c322498 _d322498 |
||